[Event "RUDAR 1 IM 2022"]
[Site "Pozarevac"]
[Date "2022.03.27"]
[Round "3.3"]
[White "Spasic, Petar"]
[Black "Andreev, Konstantin"]
[Result "1-0"]
[WhiteElo "2334"]
[BlackElo "2238"]
[Annotator "TA"]
[PlyCount "115"]
[EventDate "2022.03.27"]
[EventType "tourn"]
[EventCountry "SRB"]
[SourceTitle "playchess.com"]
[Source "ChessBase"]
[SourceQuality "1"]

{[%evp 18,114,19,11,57,41,52,60,41,30,134,124,33,139,278,264,278,273,285,283,282,270,272,252,246,245,254,248,241,225,236,200,398,400,339,264,410,411,398,333,340,316,340,306,589,499,517,502,521,493,472,479,570,552,661,667,701,635,868,618,1204,1200,1547,1489,1774,1753,1702,1705,1662,1588,1428,878,2710,2430,1852,0,1509,1462,2558,2224,2307,2077,2018,1678,29986,29987,29987,29986,29993,29994,29995,29996,29996,29997,29997,29998,29998,29999,29999]} 1. Nf3 d5 2. b3 Nf6 3. Bb2 e6 4. g3 c5 5. Bg2 Be7 6. O-O O-O 7. c4 Nc6 8. cxd5 Nxd5 9. Nc3 Bf6 10. Qc1 Nc7 {[#] A14: English Opening: 1...e6 with b3 by White.} (10... b6 $11) 11. Na4 $146 ({Predecessor:} 11. Rd1 Bd7 12. Ne4 Bxb2 13. Qxb2 Qe7 14. Rac1 Na6 15. Qa3 Rac8 16. Nxc5 e5 17. b4 Nxc5 18. bxc5 {½-½ (65) Hottes,D-Vetter,H (2265) Germany 1982}) 11... Bxb2 12. Qxb2 b6 {White is slightly better.} 13. Ne5 Nd4 (13... Nxe5 $1 $11 14. Bxa8 (14. Qxe5 f6 $11) 14... Nd3) 14. e3 $1 $16 {White is more active.} (14. Bxa8 Nxe2+ 15. Kg2 Nxa8 $15) 14... Ne2+ 15. Kh1 Ba6 (15... f6 $16 {keeps fighting.}) 16. d3 $18 (16. Bxa8 $6 Qxa8+ 17. f3 Rd8 $16) 16... f6 (16... Bxd3 $2 17. Rfd1 $18) 17. Nc4 (17. Qxe2 fxe5 18. Nb2 (18. Bxa8 Bxd3 19. Qh5 Qxa8+ 20. Kg1 Bxf1 $15) 18... Nd5 $14) 17... b5 (17... Qxd3 $2 18. Rad1 Nxg3+ 19. fxg3 Bxc4 20. Rxd3 Bxd3 21. Bxa8 Bxf1 22. Bg2 Bxg2+ 23. Qxg2 $18) 18. Nxc5 ({Don't play} 18. Qxe2 $6 bxa4 19. Bxa8 (19. bxa4 Rb8 $14) 19... Qxa8+ 20. Kg1 Qc6 21. bxa4 Qxa4 $18) 18... bxc4 19. dxc4 (19. Qxe2 cxd3 20. Qd2 Rc8 $16) ({But not} 19. bxc4 $6 Nxg3+ 20. hxg3 Rc8 $18) 19... Rb8 20. Rfd1 Qe7 21. Nxa6 Nxg3+ 22. hxg3 Nxa6 23. Rd2 Nc5 24. Rad1 {Strongly threatening Qa3.} e5 $2 (24... Rb6 {might work better.} 25. Rd4 Rfb8) 25. Qa3 Rfc8 26. Bh3 Qb7+ (26... Re8 $142 27. Kg2 Ne4 28. Qxe7 Rxe7) 27. Kg1 Rc7 28. Rd8+ Rxd8 29. Rxd8+ Kf7 30. b4 Ne4 (30... Qa6 31. Qxa6 Nxa6) 31. c5 Ng5 32. Bg2 e4 33. Qb3+ Kg6 34. Qc4 Qc6 35. Rd5 Qe8 36. b5 h5 37. a4 Re7 38. b6 Qb8 39. a5 axb6 40. cxb6 Qb7 41. Rd6 Qb8 42. Qc6 {a6 is the strong threat.} Qg8 43. a6 {Black must now prevent a7.} Qa2 44. a7 Qb1+ 45. Kh2 Qa2 46. Kg1 {[%cal Bh2g1,Bg1g2,Bg2h1][%mdl 32]} Qb1+ $1 {[#]} 47. Bf1 $1 Nf3+ 48. Kg2 Ne1+ {[#]} 49. Kh1 $1 Nd3 50. Kg1 Qe1 {[#]} 51. Rxd3 $1 {[%mdl 512] White mates.} exd3 52. a8=Q d2 53. Qc2+ Kh6 54. Qh8+ Kg5 55. f4+ Kg4 56. Qg6+ Kf3 57. Qhxh5+ Kxe3 58. Qd3# {Weighted Error Value: White=0.32/Black=0.61} 1-0

[Event "RUDAR 1 IM 2022"]
[Site "Pozarevac"]
[Date "2022.03.27"]
[Round "3.4"]
[White "Savitha Shri B"]
[Black "Milanovic, Slavisa"]
[Result "1/2-1/2"]
[WhiteElo "2257"]
[BlackElo "2296"]
[Annotator "TA"]
[PlyCount "87"]
[EventDate "2022.03.27"]
[EventType "tourn"]
[EventCountry "SRB"]
[SourceTitle "playchess.com"]
[Source "ChessBase"]
[SourceQuality "1"]

{[%evp 20,87,0,-5,84,0,0,0,0,-52,-47,-69,-59,-68,-68,-60,0,0,16,-23,49,43,87,78,66,0,0,0,0,0,0,-75,-79,-187,0,-66,-75,-96,-81,-54,0,0,0,0,0,0,0,0,0,0,0,0,51,0,0,0,0,0,0,0,0,0,0,0,0,0,0,0,0,0]} 1. e4 e6 2. d4 d5 3. Nc3 Bb4 4. e5 c5 5. a3 Bxc3+ 6. bxc3 Ne7 7. a4 Qa5 8. Bd2 Nbc6 9. Nf3 Bd7 10. Bb5 c4 11. O-O f5 {C19: French: 3 Nc3 Bb4: Main line: 7 Nf3 and 7 a4.} (11... O-O $11 {remains equal.}) 12. Bc1 (12. exf6 $1 $16 gxf6 13. Re1) 12... h6 $11 13. Ba3 Qxc3 {[#]} 14. Qb1 $146 ({White should try} 14. Bd6 $11) ({Predecessor:} 14. a5 Qxa5 15. Bxc4 dxc4 16. Bxe7 Qd5 17. Bc5 Kf7 18. h4 g6 19. Qd2 Kg7 20. Ra3 {½-½ (40) Verney,K-Stewart,D England 1992}) 14... Qa5 $15 15. Qb2 g5 16. Rfb1 Rh7 {[%cal Bh8h7,Bh7f7,Bf7f3][%mdl 32]} 17. Qc1 Rc8 (17... Qd8 $15) 18. Bc5 f4 19. c3 Nf5 (19... Rg7 $11) 20. g4 $14 fxg3 (20... Nfe7 $14) 21. fxg3 $16 Rf7 {[%cal Of5g3]} 22. Qe1 (22. Qc2 $14) 22... g4 $11 23. Nh4 Nxh4 24. gxh4 Rf3 {To avoid Qe3} 25. Rc1 (25. Qd1 $1 $11 {keeps the balance.}) 25... Qd8 $17 {And now ...Na5 would win.} 26. Ra2 {[#]} (26. Bxc6 $17 {is a better defense.} Rxc6 27. Bxa7) 26... Na5 $2 (26... Ne7 $1 $19 {Threatens to win with ...Ng6.} 27. Rb1 Nf5) 27. Rg2 (27. Bd6 $11) 27... h5 $1 $15 (27... Nb3 28. Rxg4 Bxb5 29. Rg8+ Kd7 30. Rxd8+ Rxd8 {[#]} 31. Qe2 $1 $16 (31. axb5 Nxc1 32. Qxc1 Rg8+ 33. Kh1 Rf2 $11)) 28. Bd6 Bxb5 29. axb5 Kd7 (29... Nb3 $15 30. Rcc2 Kd7) 30. Rcc2 Qb6 31. Qb1 {Black must now prevent Rcf2.} Nb3 $1 32. Rb2 Qxb5 33. Qh7+ (33. Qg6 Qb6 34. Qxh5 Qa5 35. Qh7+ Kc6 $15) 33... Kc6 34. Qe7 Qa5 {( -> ...Qa1+)} (34... Rxc3 $2 35. Qxe6 Rc1+ 36. Kf2 $18) 35. Rgf2 $1 ({Don't blunder} 35. Ba3 $2 Qxc3 36. Rgf2 (36. Qxe6+ $2 Kb5 $19) 36... Rxf2 37. Rxf2 Kb6 38. Qxe6+ Rc6 39. Bc5+ Nxc5 40. dxc5+ Kb5 41. Qxd5 a5 $19) 35... Rcf8 (35... Rxc3 $2 36. Qxe6 Kb5 37. Qxc8 $18) (35... Kb6 $11 36. Bc5+ Rxc5 37. dxc5+ Qxc5 38. Qxe6+ Kc7) 36. Qxe6 ({But not} 36. Ra2 Rxf2 37. Rxa5 Rf1+ 38. Kg2 R8f2+ 39. Kg3 Rf3+ 40. Kg2 R1f2+ 41. Kg1 Nxa5 $11) ({White should play} 36. Ba3 $1 $14 Rd8 37. Kg2 (37. Qxe6+ Kb5 $11)) 36... Qa1+ $1 $11 {The position is equal.} 37. Kg2 Rxf2+ 38. Rxf2 {White threatens Bc7+ and mate. Really sharp!} Rxf2+ 39. Kxf2 Qb2+ 40. Kg1 Qc1+ 41. Kg2 {Hoping for Ba3+.} Qd2+ 42. Kg1 {Strongly threatening Be7+.} Qe3+ 43. Kg2 {Be7+ is the strong threat.} Qf3+ 44. Kg1 {Weighted Error Value: White=0.22 (precise) /Black=0.20 (precise)} 1/2-1/2

[Event "RUDAR 1 IM 2022"]
[Site "Pozarevac"]
[Date "2022.03.27"]
[Round "3.5"]
[White "Dudukovic, Nikola"]
[Black "Anishka Vikram"]
[Result "1-0"]
[WhiteElo "2362"]
[BlackElo "2000"]
[Annotator "TA"]
[PlyCount "83"]
[EventDate "2022.03.27"]
[EventType "tourn"]
[EventCountry "SRB"]
[SourceTitle "playchess.com"]
[Source "ChessBase"]
[SourceQuality "1"]

{[%evp 14,83,0,0,12,-14,0,-18,-24,-31,-20,-10,-22,-19,-13,-18,0,0,8,0,0,0,28,27,31,28,37,0,0,0,0,0,0,0,0,0,0,-58,26,0,17,0,0,0,41,27,27,27,27,0,0,0,0,0,0,0,0,0,1449,1437,1358,1343,795,458,29979,29980,29980,29981,29980,29981,29965,6310]} 1. e4 c5 2. Nc3 d6 3. g3 g6 4. Bg2 Bg7 5. d3 Nc6 6. Nge2 e5 7. O-O Nge7 8. f4 $1 {[%mdl 4] now scores much better than the old 8.Be3.} Nd4 {B25: Closed Sicilian: 3 g3, lines without early Be3.} 9. h3 O-O {[#]} 10. fxe5 $146 ({Predecessor:} 10. g4 f5 11. exf5 gxf5 12. g5 Ng6 13. Nd5 Nh4 14. Bh1 exf4 15. Nexf4 Ne6 16. Qh5 Qxg5+ 17. Qxg5 Nxg5 {1-0 (39) Shanava,K (2589)-Ter Sahakyan,S (2577) Jermuk 2012}) 10... dxe5 {The position is equal.} 11. Nd5 Nxe2+ 12. Qxe2 Nxd5 13. exd5 b6 14. a4 Bb7 15. c4 f5 16. Bd2 a5 17. Rae1 Qd6 18. g4 f4 19. Bc3 {[%cal Rc3e5]} Rae8 20. Qf3 Bc8 {[%cal Oh7h5]} 21. Re4 Re7 22. Rfe1 Rfe8 23. Qe2 Bf6 {[%cal Oc8f5]} 24. Bf3 Kf8 25. Kh2 {[#]} (25. Qd2 $11) 25... Kf7 ({Better is} 25... Bf5 $1 $15) 26. Qf2 Qd7 27. b3 h5 28. Qe2 Bh4 (28... hxg4 $11 {was preferrable.} 29. Bxg4 Qc7) 29. Bxe5 {Rf1 is the strong threat.} Bxe1 30. Qxe1 {Black must now prevent d6. The board is on fire.} g5 31. Qa1 {Threatens to win with Bf6.} Kg8 32. Bf6 {This bishop pair is nice.} Rxe4 33. dxe4 hxg4 34. Bxg4 Qh7 {( -> ...Bxg4)} 35. Bxc8 {[%mdl 64] And now Be6+ would win. Overworked Piece} Rxc8 $11 {[%mdl 12288] Endgame KQR-KQB} (35... Qxe4 $11 36. Be6+ Rxe6 37. dxe6 Qe2+ 38. Kh1 Qe4+ 39. Kh2 Qe2+ 40. Kh1 Qe4+ 41. Kg1 (41. Kh2 Qe2+ $11) 41... Qe3+ 42. Kh2 Qg3+ 43. Kh1 Qxh3+ 44. Kg1 Qe3+ 45. Kh1 Qh3+ 46. Kg1 Qe3+ 47. Kh1 Qh3+) 36. Qe5 $18 {White wants to mate with Qe6+.} Rf8 37. Qxg5+ Kf7 38. Qxf4 {[%cal Of6e7] Be7+! would kill now.} Re8 {Inhibits Be7+.} (38... Qg6 $18) 39. Qc7+ {White mates.} Kg8 40. Qxh7+ Kxh7 41. d6 {[%cal Bd5d6,Bd6d7][%mdl 32]} Rf8 {[#]} 42. d7 $1 {Weighted Error Value: White=0.19 (very precise) /Black=0.30} 1-0

[Event "RUDAR 1 IM 2022"]
[Site "Pozarevac"]
[Date "2022.03.28"]
[Round "4.1"]
[White "Milanovic, Slavisa"]
[Black "Acor, Corey"]
[Result "1/2-1/2"]
[WhiteElo "2296"]
[BlackElo "2326"]
[Annotator "NA"]
[PlyCount "88"]
[EventDate "2022.03.27"]
[EventType "tourn"]
[EventCountry "SRB"]
[SourceTitle "playchess.com"]
[Source "ChessBase"]
[SourceQuality "1"]
[TimeControl "40/5400+30:900+30"]

1. d4 {[%emt 0:00:07]} d5 {[%emt 0:00:36]} 2. Nf3 {[%emt 0:00:23]} Nf6 {[%emt 0:00:10]} 3. c4 {[%emt 0:00:13]} e6 {[%emt 0:00:11]} 4. Nc3 {[%emt 0:00:11]} c6 {[%emt 0:05:04]} 5. e3 {[%emt 0:01:23]} Nbd7 {[%emt 0:01:11]} 6. Qc2 {[%emt 0:00:36]} Bd6 {[%emt 0:01:09]} 7. Bd3 {[%emt 0:00:17]} dxc4 {[%emt 0:03:39]} 8. Bxc4 {[%emt 0:00:15]} b5 {[%emt 0:03:58]} 9. Be2 {[%emt 0:00:13]} Bb7 {[%emt 0:00:59]} 10. e4 {[%emt 0:02:52]} Be7 {[%emt 0:11:29]} 11. O-O {[%emt 0:07:54]} a6 {[%emt 0:02:20]} 12. e5 {[%emt 0:17:13]} Nd5 {[%emt 0:02:42]} 13. Nxd5 {[%emt 0:00:06]} cxd5 {[%emt 0:04:00]} 14. a4 {[%emt 1:05:47]} Qa5 {[%emt 0:19:55]} 15. Bd2 {[%emt 0:00:00]} b4 {[%emt 0:03:17]} 16. Rfc1 {[%emt 0:00:00]} Rc8 {[%emt 0:02:18]} 17. Qd3 {[%emt 0:00:00]} O-O {[%emt 0:01:17]} 18. Bg5 {[%emt 0:00:00]} Qd8 {[%emt 0:09:10]} 19. Rxc8 {[%emt 0:00:00]} Bxc8 {[%emt 0:00:04]} 20. Bxe7 {[%emt 0:00:00]} Qxe7 {[%emt 0:00:21]} 21. Rc1 {[%emt 0:00:00]} Nb6 {[%emt 0:09:23]} 22. b3 {[%emt 0:00:00]} Bb7 {[%emt 0:00:38]} 23. h4 {[%emt 0:00:00]} Rc8 {[%emt 0:03:09]} 24. Rxc8+ {[%emt 0:00:00]} Nxc8 {[%emt 0:00:16]} 25. Ng5 {[%emt 0:00:00]} g6 {[%emt 0:00:58]} 26. Qe3 {[%emt 0:00:00]} Na7 {[%emt 0:07:11]} 27. h5 {[%emt 0:00:00]} Nc6 {[%emt 0:04:07]} 28. hxg6 {[%emt 0:00:01]} fxg6 {[%emt 0:00:27]} 29. Bg4 {[%emt 0:01:13]} Bc8 {[%emt 0:03:15]} 30. Qc1 {[%emt 0:02:19]} Qe8 {[%emt 0:00:51]} 31. Qc5 {[%emt 0:01:07]} h6 {[%emt 0:00:33]} 32. Nh3 {[%emt 0:01:31]} Bd7 {[%emt 0:00:52]} 33. Nf4 {[%emt 0:00:59]} Kf7 {[%emt 0:00:36]} 34. Nxd5 {[%emt 0:01:53]} exd5 {[%emt 0:00:26]} 35. Qxd5+ {[%emt 0:00:10]} Be6 {[%emt 0:00:27]} 36. Qf3+ {[%emt 0:00:55]} Kg8 {[%emt 0:00:45]} 37. Bxe6+ {[%emt 0:00:47]} Qxe6 {[%emt 0:00:02]} 38. Qe4 {[%emt 0:00:26]} Ne7 {[%emt 0:00:23]} 39. Qb7 {[%emt 0:00:21]} Kf7 {[%emt 0:00:33]} 40. Qxb4 {[%emt 0:00:00]} Qd5 {[%emt 0:00:00]} 41. Qb6 {[%emt 0:03:28]} Qc6 {[%emt 0:04:39]} 42. Qd8 {[%emt 0:02:19]} Qd5 {[%emt 0:07:19]} 43. Qb6 {[%emt 0:00:24]} Qc6 {[%emt 0:01:18]} 44. Qd8 {[%emt 0:00:59]} Qd5 {[%emt 0:04:44]} 1/2-1/2

[Event "RUDAR 1 IM 2022"]
[Site "Pozarevac"]
[Date "2022.03.28"]
[Round "4.2"]
[White "Spasic, Petar"]
[Black "Savitha Shri B"]
[Result "1-0"]
[WhiteElo "2334"]
[BlackElo "2257"]
[Annotator "NA"]
[PlyCount "83"]
[EventDate "2022.03.27"]
[EventType "tourn"]
[EventCountry "SRB"]
[SourceTitle "playchess.com"]
[Source "ChessBase"]
[SourceQuality "1"]
[TimeControl "40/5400+30:900+30"]

1. Nf3 {[%emt 0:00:12]} Nf6 {[%emt 0:01:02]} 2. b3 {[%emt 0:00:06]} c5 {[%emt 0:00:24]} 3. Bb2 {[%emt 0:00:16]} e6 {[%emt 0:00:28]} 4. g3 {[%emt 0:00:12]} Nc6 {[%emt 0:00:31]} 5. Bg2 {[%emt 0:00:28]} d5 {[%emt 0:00:58]} 6. O-O {[%emt 0:01:01]} Bd6 {[%emt 0:00:24]} 7. d4 {[%emt 0:01:59]} O-O {[%emt 0:00:08]} 8. dxc5 {[%emt 0:04:14]} Bxc5 {[%emt 0:00:08]} 9. c4 {[%emt 0:00:37]} dxc4 {[%emt 0:06:50]} 10. Qc1 {[%emt 0:05:08]} Qe7 {[%emt 0:02:07]} 11. Qxc4 {[%emt 0:00:38]} e5 {[%emt 0:00:50]} 12. Nbd2 {[%emt 0:07:29]} Bf5 {[%emt 0:08:55]} 13. Rac1 {[%emt 0:10:57]} Bb4 {[%emt 0:07:15]} 14. Nb1 {[%emt 0:14:43]} Bd6 {[%emt 0:18:23]} 15. Nc3 {[%emt 0:20:26]} Rac8 {[%emt 0:06:59]} 16. Nh4 {[%emt 0:01:10]} Be6 {[%emt 0:03:05]} 17. Qd3 {[%emt 0:02:01]} Rfd8 {[%emt 0:10:41]} 18. Ne4 {[%emt 0:09:37]} Nxe4 {[%emt 0:04:04]} 19. Bxe4 {[%emt 0:01:39]} Ba3 {[%emt 0:06:38]} 20. Qb1 {[%emt 0:09:03]} Nd4 {[%emt 0:09:02]} 21. Bxh7+ {[%emt 0:01:08]} Kh8 {[%emt 0:00:39]} 22. Bd3 {[%emt 0:00:03]} e4 {[%emt 0:03:10]} 23. Rxc8 {[%emt 0:00:41]} Bxc8 {[%emt 0:00:20]} 24. Bxa3 {[%emt 0:03:45]} Qxa3 {[%emt 0:00:11]} 25. Bxe4 {[%emt 0:00:05]} Nxe2+ {[%emt 0:00:40]} 26. Kh1 {[%emt 0:01:25]} Qb4 {[%emt 0:03:40]} 27. Bg2 {[%emt 0:01:08]} Be6 {[%emt 0:03:47]} 28. Nf3 {[%emt 0:01:43]} Qb5 {[%emt 0:01:58]} 29. Qe4 {[%emt 0:00:44]} Kg8 {[%emt 0:00:30]} 30. Qe3 {[%emt 0:00:28]} Rc8 {[%emt 0:00:50]} 31. a4 {[%emt 0:00:48]} Qa6 {[%emt 0:00:19]} 32. Ng5 {[%emt 0:00:40]} Re8 {[%emt 0:00:58]} 33. Rd1 {[%emt 0:00:45]} Qa5 {[%emt 0:00:29]} 34. h4 {[%emt 0:01:11]} Nc3 {[%emt 0:00:16]} 35. Rd3 {[%emt 0:00:46]} Nd5 {[%emt 0:00:37]} 36. Qe5 {[%emt 0:00:37]} f6 {[%emt 0:00:37]} 37. Rxd5 {[%emt 0:00:21]} Qa6 {[%emt 0:00:29]} 38. Qd4 {[%emt 0:00:38]} fxg5 {[%emt 0:00:08]} 39. Rxg5 {[%emt 0:00:03]} Re7 {[%emt 0:00:22]} 40. Re5 {[%emt 0:00:00]} Kf8 {[%emt 0:00:00]} 41. Qc5 {[%emt 0:03:38]} Kf7 {[%emt 0:05:55]} 42. Bh3 {[%emt 0:01:15]} 1-0

[Event "RUDAR 1 IM 2022"]
[Site "Pozarevac"]
[Date "2022.03.28"]
[Round "4.3"]
[White "Bryakin, Mikhail"]
[Black "Dudukovic, Nikola"]
[Result "1-0"]
[WhiteElo "2481"]
[BlackElo "2362"]
[Annotator "ChessBase"]
[PlyCount "65"]
[EventDate "2022.03.27"]
[EventType "tourn"]
[EventCountry "SRB"]
[SourceTitle "playchess.com"]
[Source "ChessBase"]
[SourceQuality "1"]
[TimeControl "40/5400+30:900+30"]

1. d4 {[%emt 0:00:04]} Nf6 {[%emt 0:00:08]} 2. c4 {[%emt 0:00:12]} c5 {[%emt 0:00:26]} 3. d5 {[%emt 0:00:07]} e6 {[%emt 0:00:05]} 4. Nc3 {[%emt 0:00:10]} exd5 {[%emt 0:00:05]} 5. cxd5 {[%emt 0:00:05]} d6 {[%emt 0:00:05]} 6. Nf3 {[%emt 0:00:10]} g6 {[%emt 0:00:11]} 7. Bf4 {[%emt 0:00:22]} a6 {[%emt 0:01:06]} 8. a4 {[%emt 0:00:21]} Bg7 {[%emt 0:00:31]} 9. h3 {[%emt 0:00:21]} O-O {[%emt 0:00:27]} 10. e3 {[%emt 0:00:26]} Ne8 {[%emt 0:05:06]} 11. Be2 {[%emt 0:01:39]} Nd7 {[%emt 0:00:40]} 12. O-O {[%emt 0:00:42]} Rb8 {[%emt 0:02:32]} 13. Qc2 {[%emt 0:04:49]} Qe7 {[%emt 0:06:54]} 14. a5 {[%emt 0:04:12]} Ne5 {[%emt 0:23:49]} 15. Nxe5 {[%emt 0:11:10]} Bxe5 {[%emt 0:00:55]} 16. Bxe5 {[%emt 0:00:47]} Qxe5 {[%emt 0:00:07]} 17. Qd2 {[%emt 0:01:15]} b5 {[%emt 0:06:35]} 18. axb6 {[%emt 0:01:17]} Rxb6 {[%emt 0:00:06]} 19. f4 {[%emt 0:01:11]} Qg7 {[%emt 0:03:33]} 20. e4 {[%emt 0:06:29]} f6 {[%emt 0:12:16]} 21. Bc4 {[%emt 0:03:27]} Nc7 {[%emt 0:01:46]} 22. Rae1 {[%emt 0:07:08]} Re8 {[%emt 0:04:58]} 23. Qf2 {[%emt 0:04:11]} Kh8 {[%emt 0:05:52]} 24. e5 {[%emt 0:02:51]} fxe5 {[%emt 0:03:49]} 25. fxe5 {[%emt 0:00:21]} dxe5 {[%emt 0:00:10]} 26. Qxc5 {[%emt 0:20:35]} Rxb2 {[%emt 0:00:56]} 27. d6 {[%emt 0:01:38]} Ne6 {[%emt 0:03:36]} 28. Rxe5 {[%emt 0:08:34]} Bb7 {[%emt 0:10:30]} 29. Ne4 {[%emt 0:01:54]} Rc2 {[%emt 0:02:01]} 30. Rxe6 {[%emt 0:06:00]} Rxe6 {[%emt 0:00:53]} 31. d7 {[%emt 0:00:09]} Rxg2+ {[%emt 0:00:11]} 32. Kxg2 {[%emt 0:01:29]} Bxe4+ {[%emt 0:00:15]} 33. Kg1 {[%emt 0:00:18]} 1-0

[Event "RUDAR 1 IM 2022"]
[Site "Pozarevac"]
[Date "2022.03.28"]
[Round "4.4"]
[White "Andreev, Konstantin"]
[Black "Anishka Vikram"]
[Result "1-0"]
[WhiteElo "2238"]
[BlackElo "2000"]
[Annotator "NA"]
[PlyCount "117"]
[EventDate "2022.03.27"]
[EventType "tourn"]
[EventCountry "SRB"]
[SourceTitle "playchess.com"]
[Source "ChessBase"]
[SourceQuality "1"]
[TimeControl "40/5400+30:900+30"]

1. e4 {[%emt 0:00:03]} c5 {[%emt 0:00:07]} 2. Nf3 {[%emt 0:00:07]} d6 {[%emt 0:00:05]} 3. d4 {[%emt 0:00:05]} cxd4 {[%emt 0:00:07]} 4. Nxd4 {[%emt 0:00:05]} Nf6 {[%emt 0:00:06]} 5. Nc3 {[%emt 0:00:05]} g6 {[%emt 0:00:15]} 6. Be3 {[%emt 0:00:23]} Bg7 {[%emt 0:00:06]} 7. f3 {[%emt 0:00:35]} O-O {[%emt 0:00:16]} 8. Bc4 {[%emt 0:00:11]} Nc6 {[%emt 0:00:25]} 9. Qd2 {[%emt 0:00:07]} Bd7 {[%emt 0:00:08]} 10. O-O-O {[%emt 0:00:18]} Rc8 {[%emt 0:00:07]} 11. Bb3 {[%emt 0:00:14]} Nxd4 {[%emt 0:00:11]} 12. Bxd4 {[%emt 0:00:07]} b5 {[%emt 0:00:10]} 13. Nd5 {[%emt 0:00:21]} Nxd5 {[%emt 0:00:44]} 14. Bxg7 {[%emt 0:00:18]} Kxg7 {[%emt 0:00:08]} 15. exd5 {[%emt 0:00:29]} a5 {[%emt 0:01:07]} 16. a3 {[%emt 0:00:07]} b4 {[%emt 0:11:56]} 17. a4 {[%emt 0:04:05]} Qe8 {[%emt 0:12:06]} 18. Kb1 {[%emt 0:00:39]} Bxa4 {[%emt 0:08:34]} 19. h4 {[%emt 0:02:30]} Bxb3 {[%emt 0:01:57]} 20. cxb3 {[%emt 0:00:06]} h6 {[%emt 0:25:26]} 21. h5 {[%emt 0:04:21]} g5 {[%emt 0:01:09]} 22. Rhe1 {[%emt 0:03:41]} Rb8 {[%emt 0:11:27]} 23. Qd4+ {[%emt 0:05:14]} f6 {[%emt 0:03:42]} 24. Qa7 {[%emt 0:00:53]} Rf7 {[%emt 0:00:54]} 25. Re6 {[%emt 0:06:58]} Ra8 {[%emt 0:01:57]} 26. Qe3 {[%emt 0:15:33]} a4 {[%emt 0:04:07]} 27. Rd4 {[%emt 0:01:37]} Rb8 {[%emt 0:09:10]} 28. Rc4 {[%emt 0:07:45]} axb3 {[%emt 0:02:22]} 29. Rc7 {[%emt 0:07:24]} Kf8 {[%emt 0:01:34]} 30. Qxb3 {[%emt 0:00:25]} Qb5 {[%emt 0:00:35]} 31. Re1 {[%emt 0:00:40]} Qb6 {[%emt 0:00:40]} 32. Qc4 {[%emt 0:01:15]} b3 {[%emt 0:00:34]} 33. Qc3 {[%emt 0:06:23]} Qb5 {[%emt 0:01:29]} 34. Kc1 {[%emt 0:10:41]} Qxd5 {[%emt 0:01:03]} 35. Rexe7 {[%emt 0:00:21]} Rxe7 {[%emt 0:01:23]} 36. Qxf6+ {[%emt 0:00:09]} Qf7 {[%emt 0:00:44]} 37. Qh8+ {[%emt 0:00:06]} Qg8 {[%emt 0:00:05]} 38. Qxg8+ {[%emt 0:00:12]} Kxg8 {[%emt 0:00:02]} 39. Rxe7 {[%emt 0:00:07]} Rc8+ {[%emt 0:00:06]} 40. Kd1 {[%emt 0:00:00]} Rc2 {[%emt 0:00:00]} 41. Re2 {[%emt 0:00:09]} Rc6 {[%emt 0:03:01]} 42. g4 {[%emt 0:01:35]} Kf7 {[%emt 0:03:44]} 43. Re3 {[%emt 0:02:42]} Rb6 {[%emt 0:00:10]} 44. Kd2 {[%emt 0:00:15]} Kf6 {[%emt 0:00:45]} 45. Kc3 {[%emt 0:00:23]} d5 {[%emt 0:00:34]} 46. Kd4 {[%emt 0:00:11]} Rb5 {[%emt 0:00:39]} 47. Rc3 {[%emt 0:00:10]} Ra5 {[%emt 0:06:41]} 48. Rxb3 {[%emt 0:00:30]} Kf7 {[%emt 0:02:19]} 49. Rb7+ {[%emt 0:00:27]} Kf6 {[%emt 0:00:09]} 50. Rh7 {[%emt 0:00:29]} Ra4+ {[%emt 0:00:13]} 51. Kxd5 {[%emt 0:00:26]} Rb4 {[%emt 0:00:14]} 52. Rxh6+ {[%emt 0:00:15]} Kf7 {[%emt 0:00:12]} 53. Rh7+ {[%emt 0:01:15]} Kg8 {[%emt 0:00:41]} 54. Rd7 {[%emt 0:00:38]} Rxb2 {[%emt 0:00:14]} 55. Ke4 {[%emt 0:00:12]} Rb4+ {[%emt 0:00:23]} 56. Kf5 {[%emt 0:00:17]} Rf4+ {[%emt 0:01:02]} 57. Kg6 {[%emt 0:00:17]} Rf8 {[%emt 0:02:42]} 58. Rd3 {[%emt 0:00:07]} Rc8 {[%emt 0:01:48]} 59. Kxg5 {[%emt 0:00:09]} 1-0